[Event "Bunratty Classic 2013"]
[Site "Bunratty IRL"]
[Date "2013.03.02"]
[Round "6.2"]
[White "Daly, Colm"]
[Black "Quinn, Mark"]
[Result "1-0"]
[WhiteTitle "FM"]
[BlackTitle "IM"]
[WhiteElo "2340"]
[BlackElo "2388"]
[WhiteICU "2296"]
[BlackICU "2366"]
[WhiteClub "Bray/Greystones"]
[BlackClub "Kilkenny"]
[WhiteNationality "IRL"]
[BlackNationality "IRL"]
[WhiteFideId "2500434"]
[BlackFideId "2500450"]
[PlyCount "36"]
[Venue "Library Room, Bunratty Castle Hotel, Bunratty, Co. Clare"]
[EventDate "2013.02.27"]
[Source "Herbert Scarry, TWIC 956"]

{ Event information: <a
href="http://www.irlchess.com/bunrattyclassic2013_allfiles/pairings_bunrattyclassic2013.html">Tournament
report</a>. }

1. d4 f5 2. c4 Nf6 3. Nc3 e6 4. g3 Bb4 5. Bd2 O-O 6. Bg2 Nc6 7. a3 Bxc3 8.
Bxc3 d6 9. d5 Ne5 10. c5 Ne4 11. Rc1 Nxc3 12. Rxc3 dxc5 13. dxe6 Qxd1+ 14.
Kxd1 c6 15. Nh3 Re8 16. Rxc5 Bxe6 17. Kc1 Ng4 18. Rd1 Rad8 { ... ? } 1-0

[Event "Bunratty Classic 2013"]
[Site "Bunratty IRL"]
[Date "2013.03.02"]
[Round "6.3"]
[White "Hebden, Mark"]
[Black "Arkell, Keith"]
[Result "1/2-1/2"]
[WhiteTitle "GM"]
[BlackTitle "GM"]
[WhiteElo "2518"]
[BlackElo "2472"]
[WhiteNationality "ENG"]
[BlackNationality "ENG"]
[WhiteFideId "400084"]
[BlackFideId "400270"]
[PlyCount "126"]
[Venue "Library Room, Bunratty Castle Hotel, Bunratty, Co. Clare"]
[EventDate "2013.02.27"]
[Source "Herbert Scarry, TWIC 956"]

{ Event information: <a
href="http://www.irlchess.com/bunrattyclassic2013_allfiles/pairings_bunrattyclassic2013.html">Tournament
report</a>. }

1. d4 d5 2. Nf3 Nf6 3. c4 c6 4. e3 g6 5. Nc3 Bg7 6. Be2 O-O 7. O-O Bg4 8.
cxd5 cxd5 9. Qb3 Bc8 10. Bd2 Nc6 11. Rfc1 e6 12. Be1 Re8 13. a4 Bf8 14. Ne5
Nd7 15. Nd3 a6 16. Qd1 Na5 17. b3 b6 18. Nb1 Bb7 19. Bb4 Bxb4 20. Nxb4 Qe7
21. Nd3 Nc6 22. Nc3 Rec8 23. Qd2 Nb4 24. a5 Nxd3 25. Bxd3 bxa5 26. Rxa5 Qb4
27. Ra2 Rc7 28. Ne2 Qxd2 29. Rxd2 Rxc1+ 30. Nxc1 Rc8 31. Ne2 f6 32. Kf1 e5
33. Ra2 Kf7 34. Ke1 Ke7 35. Kd2 e4 36. Bc2 f5 37. Nc3 g5 38. Bd1 Nf6 39.
Be2 Rc6 40. Na4 Bc8 41. Nc5 Ng4 42. Bxa6 Bxa6 43. Nxa6 Nxf2 44. Nc5 f4 45.
Ra7+ Ke8 46. Rxh7 fxe3+ 47. Kxe3 Ng4+ 48. Ke2 Nh6 49. g4 Nxg4 50. Rh5 Rh6
51. Rxh6 Nxh6 52. Ne6 Ke7 53. Nxg5 Nf5 54. h4 Nxd4+ 55. Ke3 Nf5+ 56. Kf4
Nxh4 57. Nxe4 dxe4 58. Kxe4 Kd6 59. b4 Kc6 60. b5+ Kb6 61. Kd5 Nf5 62. Kc4
Nd4 63. Kxd4 Kxb5 1/2-1/2

[Event "Bunratty Classic 2013"]
[Site "Bunratty IRL"]
[Date "2013.03.02"]
[Round "6.5"]
[White "Hamitevici, Vladimir"]
[Black "Collins, Sam"]
[Result "1-0"]
[WhiteTitle "IM"]
[BlackTitle "IM"]
[WhiteElo "2444"]
[BlackElo "2482"]
[BlackICU "2441"]
[BlackClub "Gonzaga"]
[WhiteNationality "MDA"]
[BlackNationality "IRL"]
[WhiteFideId "13902393"]
[BlackFideId "2501198"]
[PlyCount "129"]
[Venue "Library Room, Bunratty Castle Hotel, Bunratty, Co. Clare"]
[EventDate "2013.02.27"]
[Source "Herbert Scarry, TWIC 956"]

{ Event information: <a
href="http://www.irlchess.com/bunrattyclassic2013_allfiles/pairings_bunrattyclassic2013.html">Tournament
report</a>. }

1. Nf3 Nf6 2. c4 g6 3. d4 Bg7 4. Nc3 d6 5. h3 Nbd7 6. Bf4 c6 7. e3 Qa5 8.
Be2 e5 9. Bh2 O-O 10. O-O h6 11. a3 Re8 12. b4 Qd8 13. Qc2 Qe7 14. c5 Nd5
15. Nxd5 cxd5 16. cxd6 Qxd6 17. Bb5 Qe7 18. Nxe5 Bxe5 19. Bxe5 a6 20. Bxd7
Bxd7 21. Qd2 Kh7 22. Rfc1 Rec8 23. Rc5 Rxc5 24. bxc5 Bc6 25. Qe2 Qe6 26.
Qf3 Qf5 27. Qxf5 gxf5 28. f3 h5 29. Kf2 Rg8 30. g3 Kg6 31. Ke2 f6 32. Bf4
Kf7 33. Kd2 Ke6 34. Kc3 Kd7 35. Kb4 Bb5 36. Ka5 Bc6 37. a4 Re8 38. Kb6 Ra8
39. a5 Re8 40. Rg1 Rg8 41. Ka7 Kc8 42. Rb1 Bb5 43. Kb6 Re8 44. Re1 Bc6 45.
g4 fxg4 46. hxg4 hxg4 47. fxg4 Bd7 48. Rg1 Rg8 49. Rh1 Re8 50. Rh7 Re6+ 51.
Ka7 Re8 52. Rg7 Re6 53. Rf7 Re8 54. Rxf6 Bxg4 55. c6 bxc6 56. Rxc6+ Kd7 57.
Rxa6 Re7 58. Kb8 Re8+ 59. Kb7 Re7 60. Rd6+ Ke8+ 61. Kb8 Kf7 62. a6 Re8+ 63.
Kb7 Re7+ 64. Kb6 Bc8 65. Rc6 1-0

[Event "Bunratty Classic 2013"]
[Site "Bunratty IRL"]
[Date "2013.03.02"]
[Round "7.1"]
[White "Rombaldoni, Denis"]
[Black "Hamitevici, Vladimir"]
[Result "0-1"]
[WhiteTitle "IM"]
[BlackTitle "IM"]
[WhiteElo "2510"]
[BlackElo "2444"]
[WhiteNationality "ITA"]
[BlackNationality "MDA"]
[WhiteFideId "813575"]
[BlackFideId "13902393"]
[PlyCount "98"]
[Venue "Library Room, Bunratty Castle Hotel, Bunratty, Co. Clare"]
[EventDate "2013.02.27"]
[Source "Herbert Scarry, TWIC 956"]

{ Event information: <a
href="http://www.irlchess.com/bunrattyclassic2013_allfiles/pairings_bunrattyclassic2013.html">Tournament
report</a>. }

1. d4 Nf6 2. c4 e6 3. Nc3 Bb4 4. e3 b6 5. Bd3 Bb7 6. Nf3 O-O 7. O-O c5 8.
Na4 cxd4 9. exd4 Re8 10. a3 Bf8 11. b4 d6 12. Re1 Nbd7 13. Bg5 Qc7 14. Nc3
a6 15. Rc1 g6 16. Ne4 Nxe4 17. Bxe4 Bxe4 18. Rxe4 Qb7 19. Rh4 e5 20. dxe5
dxe5 21. Qb3 Qc6 22. Rd1 Qe6 23. Nd2 f5 24. Qh3 Nf6 25. Bxf6 Qxf6 26. Rxh7
Bg7 27. Nf1 Rad8 28. Rxd8 Rxd8 29. Qh4 g5 30. Qh5 f4 31. g4 e4 32. h4 Rd1
33. Rxg7+ Kxg7 34. Qe8 e3 35. h5 exf2+ 36. Kxf2 Rd8 37. Qe2 Qd4+ 38. Kg2
Kf7 39. c5 b5 40. Nh2 Re8 41. Qc2 Qe4+ 42. Qxe4 Rxe4 43. Nf3 Kf6 44. h6
Re2+ 45. Kf1 Re3 46. Kf2 Kg6 47. c6 Kxh6 48. Nd4 Rc3 49. Ke2 Kg6 0-1

[Event "Bunratty Classic 2013"]
[Site "Bunratty IRL"]
[Date "2013.03.02"]
[Round "7.3"]
[White "Burns-Mannion, Stephen"]
[Black "Hebden, Mark"]
[Result "0-1"]
[WhiteTitle "IM"]
[BlackTitle "GM"]
[WhiteElo "2376"]
[BlackElo "2518"]
[WhiteNationality "SCO"]
[BlackNationality "ENG"]
[WhiteFideId "2400111"]
[BlackFideId "400084"]
[PlyCount "134"]
[Venue "Library Room, Bunratty Castle Hotel, Bunratty, Co. Clare"]
[EventDate "2013.02.27"]
[Source "Herbert Scarry, TWIC 956"]

{ Event information: <a
href="http://www.irlchess.com/bunrattyclassic2013_allfiles/pairings_bunrattyclassic2013.html">Tournament
report</a>. }

1. e4 e5 2. Nf3 Nc6 3. Bb5 a6 4. Ba4 Nf6 5. O-O Be7 6. Re1 b5 7. Bb3 O-O 8.
d4 d6 9. c3 Bg4 10. Be3 Bh5 11. Nbd2 Na5 12. Bc2 c5 13. d5 Ng4 14. Nf1 Nxe3
15. Nxe3 Bg5 16. h3 Bxe3 17. fxe3 Nc4 18. b3 Nb6 19. Rf1 Rc8 20. Qe1 Bxf3
21. Rxf3 a5 22. c4 bxc4 23. bxc4 Nxc4 24. Qc3 Nb6 25. Qxa5 Ra8 26. Qc3 Na4
27. Qc4 Qa5 28. Bb3 Nb6 29. Qc1 Qb4 30. Rg3 Rfb8 31. Kh2 g6 32. Qf1 c4 33.
Bd1 Nd7 34. Rc1 c3 35. Qe1 Nc5 36. Rxc3 Rxa2 37. Bg4 Rc2 38. Rxc5 Qxc5 39.
Qf1 Qc7 40. h4 Rc1 41. Qf2 Rc2 42. Qf1 Qe7 43. h5 Qh4+ 44. Bh3 Rbb2 45. Qa6
Rc1 46. Rg4 Qd8 47. h6 Rbb1 48. Qa7 Rh1+ 49. Kg3 Rbf1 50. Qb7 Rb1 51. Qa7
Ra1 52. Qb7 Rhb1 53. Qc6 Rb3 54. Kf2 Qf6+ 55. Kg3 Rxe3+ 56. Kh2 Qd8 57. Qb7
Rc3 58. Qb2 Rac1 59. Qf2 Rb3 60. Qd2 Rf1 61. Qc2 Rbb1 62. Qc4 Qf8 63. Rh4
Rf4 64. Rxf4 exf4 65. Qe2 Qxh6 66. e5 Qh4 67. Qd3 Qe1 0-1

[Event "Bunratty Classic 2013"]
[Site "Bunratty IRL"]
[Date "2013.03.02"]
[Round "7.5"]
[White "Quinn, Mark"]
[Black "Lopez, Alex"]
[Result "0-1"]
[WhiteTitle "IM"]
[BlackTitle "IM"]
[WhiteElo "2388"]
[BlackElo "2416"]
[WhiteICU "2366"]
[BlackICU "2450"]
[WhiteClub "Kilkenny"]
[BlackClub "Cork"]
[WhiteNationality "IRL"]
[BlackNationality "IRL"]
[WhiteFideId "2500450"]
[BlackFideId "2501430"]
[PlyCount "80"]
[Venue "Library Room, Bunratty Castle Hotel, Bunratty, Co. Clare"]
[EventDate "2013.02.27"]
[Source "Herbert Scarry, TWIC 956"]

{ Event information: <a
href="http://www.irlchess.com/bunrattyclassic2013_allfiles/pairings_bunrattyclassic2013.html">Tournament
report</a>. }

1. e4 c6 2. Nc3 d5 3. Nf3 Bg4 4. h3 Bxf3 5. Qxf3 e6 6. d4 Nf6 7. Bd3 dxe4
8. Nxe4 Qxd4 9. Bf4 Nxe4 10. Bxe4 Nd7 11. c3 Qb6 12. O-O-O Nf6 13. Bc2 Be7
14. g4 Nd5 15. Bd2 Bh4 16. Rhf1 h6 17. a3 Bg5 18. c4 Nf6 19. h4 Bxd2+ 20.
Rxd2 Qc5 21. Qf4 b5 22. cxb5 cxb5 23. Re1 O-O 24. g5 hxg5 25. hxg5 Nh5 26.
Qg4 g6 27. Rxe6 Rae8 28. Rxe8 Rxe8 29. Kb1 a5 30. a4 bxa4 31. Bxa4 Re5 32.
Rd8+ Kg7 33. Qd7 Qxf2 34. Ka2 Qc5 35. Bb3 Re7 36. Qd2 Qb4 37. Qc2 Re3 38.
Bd5 Nf4 39. Qc6 Nxd5 40. Rxd5 Qb3+ 0-1

[Event "Bunratty Classic 2013"]
[Site "Bunratty IRL"]
[Date "2013.03.03"]
[Round "8.1"]
[White "Quinn, Mark"]
[Black "Rombaldoni, Denis"]
[Result "1/2-1/2"]
[WhiteTitle "IM"]
[BlackTitle "IM"]
[WhiteElo "2388"]
[BlackElo "2510"]
[WhiteICU "2366"]
[WhiteClub "Kilkenny"]
[WhiteNationality "IRL"]
[BlackNationality "ITA"]
[WhiteFideId "2500450"]
[BlackFideId "813575"]
[PlyCount "108"]
[Venue "Library Room, Bunratty Castle Hotel, Bunratty, Co. Clare"]
[EventDate "2013.02.27"]
[Source "Herbert Scarry, TWIC 956"]

{ Event information: <a
href="http://www.irlchess.com/bunrattyclassic2013_allfiles/pairings_bunrattyclassic2013.html">Tournament
report</a>. }

1. c4 e5 2. Nc3 Nf6 3. g3 Nc6 4. Bg2 Bc5 5. e3 O-O 6. Nge2 Re8 7. d3 Bf8 8.
O-O d6 9. h3 Be6 10. Nd5 Ne7 11. Nxf6+ gxf6 12. e4 b5 13. cxb5 Qd7 14. Kh2
d5 15. d4 Red8 16. dxe5 fxe5 17. exd5 Bxd5 18. Nc3 a6 19. Nxd5 Nxd5 20.
Bxd5 Qxd5 21. Qg4+ Kh8 22. Bg5 Rd6 23. Rad1 Qe6 24. Qxe6 Rxe6 25. bxa6
Rexa6 26. a3 Rb8 27. Rd2 Kg7 28. Rc1 Bd6 29. Be3 Rb3 30. Rc4 Ra5 31. Rdc2
Rab5 32. Bc1 Rb8 33. R2c3 Kf6 34. Kg2 Ke6 35. Rxb3 Rxb3 36. Rh4 Bc5 37.
Rxh7 e4 38. Rh4 f5 39. Rh6+ Kd5 40. Rh7 Kc6 41. Rf7 Rf3 42. Be3 Bxe3 43.
fxe3 Kd5 44. Rxc7 Rxe3 45. Rc2 Kd4 46. h4 Rb3 47. Re2 Rf3 48. h5 Kd3 49.
Re1 f4 50. gxf4 Rxf4 51. Rd1+ Kc2 52. Rd4 Rh4 53. Kg3 Rxh5 54. Rxe4 Kxb2
1/2-1/2

[Event "Bunratty Classic 2013"]
[Site "Bunratty IRL"]
[Date "2013.03.03"]
[Round "8.2"]
[White "Lopez, Alex"]
[Black "Arkell, Keith"]
[Result "1-0"]
[WhiteTitle "IM"]
[BlackTitle "GM"]
[WhiteElo "2416"]
[BlackElo "2472"]
[WhiteICU "2450"]
[WhiteClub "Cork"]
[WhiteNationality "IRL"]
[BlackNationality "ENG"]
[WhiteFideId "2501430"]
[BlackFideId "400270"]
[PlyCount "63"]
[Venue "Library Room, Bunratty Castle Hotel, Bunratty, Co. Clare"]
[EventDate "2013.02.27"]
[Source "Herbert Scarry, TWIC 956"]

{ Event information: <a
href="http://www.irlchess.com/bunrattyclassic2013_allfiles/pairings_bunrattyclassic2013.html">Tournament
report</a>. } { Reference: <em>irish Examiner</em>, March 16, 2013 p. 13
(Jim Olney). }

1. d4 e6 2. c4 Bb4+ 3. Nc3 c5 4. a3 Bxc3+ 5. bxc3 f5 6. e4 fxe4 7. Qh5+ g6
8. Qxc5 Nc6 9. h4 Qa5 10. Qxa5 Nxa5 11. h5 gxh5 12. Rb1 b6 13. c5 Nf6 14.
Bg5 O-O 15. Bxf6 Rxf6 16. Rxh5 Rf5 17. Rxf5 exf5 18. Rb5 Nc6 19. cxb6 axb6
20. Rxf5 Rxa3 21. Bc4+ Kg7 22. Ne2 Na5 23. Bd5 Ba6 24. Rf7+ Kh6 25. Ng3
Ra1+ 26. Kd2 Nc4+ 27. Bxc4 Bxc4 28. Rxd7 Bd3 29. Ke3 Re1+ 30. Kf4 Kg6 31.
Nf5 Re2 32. Ke5 1-0

[Event "Bunratty Classic 2013"]
[Site "Bunratty IRL"]
[Date "2013.03.03"]
[Round "9.1"]
[White "Rombaldoni, Denis"]
[Black "Pert, Nick"]
[Result "0-1"]
[WhiteTitle "IM"]
[BlackTitle "GM"]
[WhiteElo "2510"]
[BlackElo "2539"]
[WhiteNationality "ITA"]
[BlackNationality "ENG"]
[WhiteFideId "813575"]
[BlackFideId "403989"]
[PlyCount "68"]
[Venue "Library Room, Bunratty Castle Hotel, Bunratty, Co. Clare"]
[EventDate "2013.02.27"]
[Source "Herbert Scarry, TWIC 956"]

{ Event information: <a
href="http://www.irlchess.com/bunrattyclassic2013_allfiles/pairings_bunrattyclassic2013.html">Tournament
report</a>. }

1. d4 d5 2. c4 c6 3. cxd5 cxd5 4. Nc3 Nf6 5. Bf4 Nc6 6. e3 Bg4 7. Qb3 Na5
8. Qa4+ Bd7 9. Qc2 e6 10. Nf3 Rc8 11. Bd3 b5 12. a3 Nc4 13. Ne5 Nh5 14.
Nxd7 Qxd7 15. Be5 f6 16. Qe2 g6 17. g4 fxe5 18. gxh5 e4 19. Bxc4 Rxc4 20.
hxg6 hxg6 21. Qg4 Qf7 22. Nxb5 Rc2 23. O-O a6 24. Rac1 Rxc1 25. Rxc1 axb5
26. Qg3 Qf6 27. Qb8+ Kf7 28. Rc8 g5 29. b3 Kg6 30. a4 bxa4 31. bxa4 Bd6 32.
Rg8+ Kf5 33. Qe8 Rxh2 34. Qd8 Qh6 0-1

[Event "Bunratty Classic 2013"]
[Site "Bunratty IRL"]
[Date "2013.03.03"]
[Round "9.2"]
[White "Hamitevici, Vladimir"]
[Black "Hebden, Mark"]
[Result "0-1"]
[WhiteTitle "IM"]
[BlackTitle "GM"]
[WhiteElo "2444"]
[BlackElo "2518"]
[WhiteNationality "MDA"]
[BlackNationality "ENG"]
[WhiteFideId "13902393"]
[BlackFideId "400084"]
[PlyCount "88"]
[Venue "Library Room, Bunratty Castle Hotel, Bunratty, Co. Clare"]
[EventDate "2013.02.27"]
[Source "Herbert Scarry, TWIC 956"]

{ Event information: <a
href="http://www.irlchess.com/bunrattyclassic2013_allfiles/pairings_bunrattyclassic2013.html">Tournament
report</a>. }

1. d4 Nf6 2. c4 g6 3. Nc3 Bg7 4. g3 O-O 5. Bg2 d6 6. Nf3 Nc6 7. O-O Rb8 8.
b3 a6 9. Nd5 Nh5 10. Bb2 e6 11. Ne3 f5 12. Qd2 Ne7 13. Nd1 Nf6 14. Rc1 h6
15. Qc2 b6 16. Nd2 Bb7 17. Bxb7 Rxb7 18. e3 g5 19. f3 c5 20. Nf2 Nc6 21. d5
exd5 22. Qxf5 Qd7 23. Qxd7 Rxd7 24. cxd5 Nxd5 25. Bxg7 Kxg7 26. e4 Nde7 27.
Ng4 d5 28. exd5 Nxd5 29. Nc4 Nd4 30. Kg2 Re7 31. Rce1 Rfe8 32. Rxe7+ Rxe7
33. f4 h5 34. Nge5 b5 35. Nd6 gxf4 36. gxf4 Ne3+ 37. Kf2 Nxf1 38. Kxf1 Re6
39. Ne4 c4 40. bxc4 bxc4 41. Kf2 Nc6 42. Nc5 Rf6 43. Ke3 Nxe5 44. fxe5 Rc6
0-1

[Event "Bunratty Classic 2013"]
[Site "Bunratty IRL"]
[Date "2013.03.03"]
[Round "9.4"]
[White "Burns-Mannion, Stephen"]
[Black "Lopez, Alex"]
[Result "1-0"]
[WhiteTitle "IM"]
[BlackTitle "IM"]
[WhiteElo "2376"]
[BlackElo "2416"]
[BlackICU "2450"]
[BlackClub "Cork"]
[WhiteNationality "SCO"]
[BlackNationality "IRL"]
[WhiteFideId "2400111"]
[BlackFideId "2501430"]
[PlyCount "109"]
[Venue "Library Room, Bunratty Castle Hotel, Bunratty, Co. Clare"]
[EventDate "2013.02.27"]
[Source "Herbert Scarry, TWIC 956"]

{ Event information: <a
href="http://www.irlchess.com/bunrattyclassic2013_allfiles/pairings_bunrattyclassic2013.html">Tournament
report</a>. }

1. e4 Nf6 2. e5 Nd5 3. c4 Nb6 4. c5 Nd5 5. Nc3 Nxc3 6. dxc3 Nc6 7. Bf4 d6
8. Bb5 Bd7 9. cxd6 cxd6 10. exd6 Qb6 11. Qe2 O-O-O 12. O-O-O exd6 13. Nf3
Bg4 14. Be3 Qc7 15. Qc4 Be6 16. Qa4 a6 17. Be2 Be7 18. Ng5 Kb8 19. Nxe6
fxe6 20. Qg4 Qd7 21. Bb6 Rde8 22. Kb1 Bf6 23. Rhe1 Kc8 24. Qg3 Be5 25. f4
Bf6 26. Bg4 Bd8 27. Bc5 Bc7 28. Qh3 Nd8 29. Qd3 Rhf8 30. g3 Qf7 31. Ba3 h5
32. Bh3 Re7 33. f5 exf5 34. Bxf5+ Ne6 35. Rf1 Qe8 36. Bxd6 Bxd6 37. Qxd6
Rf6 38. Rd5 Rd7 39. Bxe6 Rxe6 40. Rc5+ Kd8 41. Qb8+ Ke7 42. Qf4 Qg6+ 43.
Ka1 Re4 44. Re5+ Rxe5 45. Qxe5+ Qe6 46. Qxg7+ Kd8 47. Qg5+ Kc7 48. Qc5+ Qc6
49. Qxh5 b6 50. a3 a5 51. Qf3 Qc5 52. h4 b5 53. Qf4+ Kb7 54. Qe4+ Ka7 55.
g4 1-0